00485 2200181 4500001002100000005001500021035002000036007000300056008004100059020001900100082001000119084001600129100001400145245004700159260004100206300004600247650001000293INLIS00000000000037220221026011319 a0010-1022000114ta221026 a 1 ind  a979-798--413-3 a398.5 a398.5 KIM k0 aKim So Un1 aKumpulan Dongeng Klasik Korea /cKim So Un aJakarta :bBuana Ilmu Populer,c2008 a95 halaman :bilustrasi berwarna ;c24 cm 4aFiksi